000 00369 a2200133 4500
005 20250614093443.0
020 _a0-87094-314-6
082 _a332.632 PIK
100 _aPIKE, W. H.
245 _aWhy Stock Go Up (and Down): A Guide to Sound Investing.
260 _aHomewood,
_bDon Jones - Irwin,
_c1983.
300 _avii, 322p.: ill.; chart.
_bIndex
_c23cm
942 _2ddc
_cBKS
999 _c58
_d58